<?xml version="1.0" encoding="UTF-8"?>
<record
    xmlns:xsi="http://www.w3.org/2001/XMLSchema-instance"
    xsi:schemaLocation="http://www.loc.gov/MARC21/slim http://www.loc.gov/standards/marcxml/schema/MARC21slim.xsd"
    xmlns="http://www.loc.gov/MARC21/slim">

  <leader>02330nam0a2200421 i 4500</leader>
  <controlfield tag="001">RU\NLR\BIBL_A\011461229</controlfield>
  <controlfield tag="005">20241103070706.0</controlfield>
  <datafield tag="010" ind1=" " ind2=" ">
    <subfield code="a">9785984982306</subfield>
    <subfield code="9">300</subfield>
  </datafield>
  <datafield tag="021" ind1=" " ind2=" ">
    <subfield code="a">RU</subfield>
    <subfield code="b">2017-56807</subfield>
    <subfield code="9">4040</subfield>
  </datafield>
  <datafield tag="035" ind1=" " ind2=" ">
    <subfield code="a">(RuMoRGB)008951646</subfield>
  </datafield>
  <datafield tag="035" ind1=" " ind2=" ">
    <subfield code="a">(NLR Aleph) 011461229</subfield>
  </datafield>
  <datafield tag="090" ind1=" " ind2=" ">
    <subfield code="a">11804338</subfield>
    <subfield code="c">11804338</subfield>
  </datafield>
  <datafield tag="100" ind1=" " ind2=" ">
    <subfield code="a">20170824d2017    km y0rusy50      ca</subfield>
  </datafield>
  <datafield tag="101" ind1="0" ind2=" ">
    <subfield code="a">rus</subfield>
  </datafield>
  <datafield tag="102" ind1=" " ind2=" ">
    <subfield code="a">RU</subfield>
  </datafield>
  <datafield tag="105" ind1=" " ind2=" ">
    <subfield code="a">a|||z|||100yy</subfield>
  </datafield>
  <datafield tag="200" ind1="1" ind2=" ">
    <subfield code="a">&#x41A;&#x430;&#x447;&#x435;&#x441;&#x442;&#x432;&#x43E; &#x438; &#x43A;&#x43E;&#x43D;&#x43A;&#x443;&#x440;&#x435;&#x43D;&#x442;&#x43E;&#x441;&#x43F;&#x43E;&#x441;&#x43E;&#x431;&#x43D;&#x43E;&#x441;&#x442;&#x44C; &#x43F;&#x43E;&#x442;&#x440;&#x435;&#x431;&#x438;&#x442;&#x435;&#x43B;&#x44C;&#x441;&#x43A;&#x438;&#x445; &#x442;&#x43E;&#x432;&#x430;&#x440;&#x43E;&#x432; &#x438; &#x443;&#x441;&#x43B;&#x443;&#x433;</subfield>
    <subfield code="e">&#x43C;&#x430;&#x442;&#x435;&#x440;&#x438;&#x430;&#x43B;&#x44B; &#x43A;&#x43E;&#x43D;&#x444;&#x435;&#x440;&#x435;&#x43D;&#x446;&#x438;&#x438;</subfield>
    <subfield code="f">&#x421;&#x442;&#x443;&#x434;&#x435;&#x43D;&#x447;&#x435;&#x441;&#x43A;&#x430;&#x44F; &#x43D;&#x430;&#x443;&#x447;&#x43D;&#x43E;-&#x43F;&#x440;&#x430;&#x43A;&#x442;&#x438;&#x447;&#x435;&#x441;&#x43A;&#x430;&#x44F; &#x43A;&#x43E;&#x43D;&#x444;&#x435;&#x440;&#x435;&#x43D;&#x446;&#x438;&#x44F; (&#x41E;&#x440;&#x435;&#x43B;, 14 &#x434;&#x435;&#x43A;&#x430;&#x431;&#x440;&#x44F; 2016 &#x433;.)</subfield>
    <subfield code="g">&#x43F;&#x43E;&#x434; &#x43E;&#x431;&#x449;&#x435;&#x439; &#x440;&#x435;&#x434;&#x430;&#x43A;&#x446;&#x438;&#x435;&#x439; &#x434;.&#x44D;.&#x43D;., &#x43F;&#x440;&#x43E;&#x444;&#x435;&#x441;&#x441;&#x43E;&#x440;&#x430; &#x41F;&#x430;&#x440;&#x448;&#x443;&#x442;&#x438;&#x43D;&#x43E;&#x439; &#x418;. &#x413;.</subfield>
  </datafield>
  <datafield tag="210" ind1=" " ind2=" ">
    <subfield code="a">&#x41E;&#x440;&#x435;&#x43B;</subfield>
    <subfield code="c">&#x41E;&#x440;&#x435;&#x43B;&#x413;&#x423;&#x42D;&#x422;</subfield>
    <subfield code="d">2017</subfield>
  </datafield>
  <datafield tag="215" ind1=" " ind2=" ">
    <subfield code="a">103 &#x441;.</subfield>
    <subfield code="c">&#x438;&#x43B;., &#x442;&#x430;&#x431;&#x43B;.</subfield>
    <subfield code="d">21</subfield>
  </datafield>
  <datafield tag="300" ind1=" " ind2=" ">
    <subfield code="a">&#x412; &#x43D;&#x430;&#x434;&#x437;&#x430;&#x433;.: &#x41C;-&#x432;&#x43E; &#x43E;&#x431;&#x440;&#x430;&#x437;&#x43E;&#x432;&#x430;&#x43D;&#x438;&#x44F; &#x438; &#x43D;&#x430;&#x443;&#x43A;&#x438; &#x420;&#x43E;&#x441;. &#x424;&#x435;&#x434;&#x435;&#x440;&#x430;&#x446;&#x438;&#x438;, &#x424;&#x413;&#x411;&#x41E;&#x423; &#x412;&#x41E; "&#x41E;&#x440;&#x43B;. &#x433;&#x43E;&#x441;. &#x443;&#x43D;-&#x442; &#x44D;&#x43A;&#x43E;&#x43D;&#x43E;&#x43C;&#x438;&#x43A;&#x438; &#x438; &#x442;&#x43E;&#x440;&#x433;&#x43E;&#x432;&#x43B;&#x438; &#x44D;&#x43A;&#x43E;&#x43D;&#x43E;&#x43C;&#x438;&#x43A;&#x438; &#x438; &#x442;&#x43E;&#x440;&#x433;&#x43E;&#x432;&#x43B;&#x438;"</subfield>
  </datafield>
  <datafield tag="320" ind1=" " ind2=" ">
    <subfield code="a">&#x411;&#x438;&#x431;&#x43B;&#x438;&#x43E;&#x433;&#x440;. &#x432; &#x43A;&#x43E;&#x43D;&#x446;&#x435; &#x441;&#x442;.</subfield>
  </datafield>
  <datafield tag="606" ind1="1" ind2=" ">
    <subfield code="a">&#x422;&#x43E;&#x432;&#x430;&#x440;&#x44B; &#x448;&#x438;&#x440;&#x43E;&#x43A;&#x43E;&#x433;&#x43E; &#x43F;&#x43E;&#x442;&#x440;&#x435;&#x431;&#x43B;&#x435;&#x43D;&#x438;&#x44F;</subfield>
    <subfield code="j">&#x421;&#x44A;&#x435;&#x437;&#x434;&#x44B;, &#x441;&#x43E;&#x432;&#x435;&#x449;&#x430;&#x43D;&#x438;&#x44F; &#x438; &#x442;.&#x43F;</subfield>
    <subfield code="x">&#x41A;&#x430;&#x447;&#x435;&#x441;&#x442;&#x432;&#x43E;</subfield>
    <subfield code="9">2257813</subfield>
    <subfield code="3">RU\NLR\AUTH\661353959</subfield>
  </datafield>
  <datafield tag="606" ind1="1" ind2=" ">
    <subfield code="a">&#x422;&#x43E;&#x432;&#x430;&#x440;&#x44B; &#x448;&#x438;&#x440;&#x43E;&#x43A;&#x43E;&#x433;&#x43E; &#x43F;&#x43E;&#x442;&#x440;&#x435;&#x431;&#x43B;&#x435;&#x43D;&#x438;&#x44F;</subfield>
    <subfield code="j">&#x421;&#x44A;&#x435;&#x437;&#x434;&#x44B;, &#x441;&#x43E;&#x432;&#x435;&#x449;&#x430;&#x43D;&#x438;&#x44F; &#x438; &#x442;.&#x43F;</subfield>
    <subfield code="x">&#x41A;&#x43E;&#x43D;&#x43A;&#x443;&#x440;&#x435;&#x43D;&#x442;&#x43E;&#x441;&#x43F;&#x43E;&#x441;&#x43E;&#x431;&#x43D;&#x43E;&#x441;&#x442;&#x44C;</subfield>
    <subfield code="9">2222189</subfield>
    <subfield code="3">RU\NLR\AUTH\661334287</subfield>
  </datafield>
  <datafield tag="606" ind1="1" ind2=" ">
    <subfield code="a">&#x421;&#x444;&#x435;&#x440;&#x430; &#x443;&#x441;&#x43B;&#x443;&#x433;</subfield>
    <subfield code="j">&#x421;&#x44A;&#x435;&#x437;&#x434;&#x44B;, &#x441;&#x43E;&#x432;&#x435;&#x449;&#x430;&#x43D;&#x438;&#x44F; &#x438; &#x442;.&#x43F;</subfield>
    <subfield code="x">&#x41A;&#x430;&#x447;&#x435;&#x441;&#x442;&#x432;&#x43E;</subfield>
    <subfield code="9">2192495</subfield>
    <subfield code="3">RU\NLR\AUTH\6601553524</subfield>
  </datafield>
  <datafield tag="686" ind1=" " ind2=" ">
    <subfield code="a">&#x423;9(2)0-823.2&#x44F;431(2)</subfield>
    <subfield code="2">rubbk</subfield>
  </datafield>
  <datafield tag="686" ind1=" " ind2=" ">
    <subfield code="a">&#x41C;2&#x44F;431(2)</subfield>
    <subfield code="2">rubbk</subfield>
  </datafield>
  <datafield tag="686" ind1=" " ind2=" ">
    <subfield code="a">&#x41B;80&#x44F;431(2)</subfield>
    <subfield code="2">rubbk</subfield>
  </datafield>
  <datafield tag="686" ind1="1" ind2=" ">
    <subfield code="a">&#x423;9(2)-823.2-06&#x44F;431</subfield>
  </datafield>
  <datafield tag="686" ind1="1" ind2=" ">
    <subfield code="a">&#x423;43(2)1-803.4&#x44F;431</subfield>
  </datafield>
  <datafield tag="686" ind1="1" ind2=" ">
    <subfield code="a">&#x423;49(2)-823.2&#x44F;431</subfield>
  </datafield>
  <datafield tag="702" ind1=" " ind2="1">
    <subfield code="a">&#x41F;&#x430;&#x440;&#x448;&#x443;&#x442;&#x438;&#x43D;&#x430;</subfield>
    <subfield code="b">&#x418;. &#x413;.</subfield>
    <subfield code="g">&#x418;&#x43D;&#x43D;&#x430; &#x413;&#x440;&#x438;&#x433;&#x43E;&#x440;&#x44C;&#x435;&#x432;&#x43D;&#x430;</subfield>
    <subfield code="4">340</subfield>
  </datafield>
  <datafield tag="712" ind1="0" ind2="2">
    <subfield code="4">570</subfield>
    <subfield code="a">&#x41E;&#x440;&#x43B;&#x43E;&#x432;&#x441;&#x43A;&#x438;&#x439; &#x433;&#x43E;&#x441;&#x443;&#x434;&#x430;&#x440;&#x441;&#x442;&#x432;&#x435;&#x43D;&#x43D;&#x44B;&#x439; &#x443;&#x43D;&#x438;&#x432;&#x435;&#x440;&#x441;&#x438;&#x442;&#x435;&#x442; &#x44D;&#x43A;&#x43E;&#x43D;&#x43E;&#x43C;&#x438;&#x43A;&#x438; &#x438; &#x442;&#x43E;&#x440;&#x433;&#x43E;&#x432;&#x43B;&#x438;</subfield>
    <subfield code="9">537450</subfield>
    <subfield code="3">RU\NLR\AUTH\880436594</subfield>
  </datafield>
  <datafield tag="942" ind1=" " ind2=" ">
    <subfield code="c">BOOK</subfield>
  </datafield>
  <datafield tag="980" ind1=" " ind2=" ">
    <subfield code="a">NBR</subfield>
  </datafield>
</record>
